000
00334nam a2200169Ia 4500
100
_a
Allen/Mottershead
650
_a
EDC
942
_c
BK
366
_f
25
654
_a
EDC
245
_a
Electronic devices and circuits
260
_b
prentice hall
_c
2017
082
_b
ALL
300
_a
641
546
_a
ENGLISH
999
_c
22847
_d
22847